| 000 | 01144nam a2200205Ii 4500 | ||
|---|---|---|---|
| 003 | JO-AjNU | ||
| 008 | 230605s9999||||xx |||||||||||||| ||und|| | ||
| 040 |
_aJO-AjNU _bara _erda _cJO-AjNU |
||
| 041 | _aara | ||
| 050 | 1 | 4 | _aPJ7601.N3222 1986 |
| 100 | 3 |
_aالندوي،أبي الحسن علي الحسني تأليف ؛ تعليق أبي الفضل عبد الحافظ البلياوي , _eauthor _913178 |
|
| 245 | 0 | 0 | _aمختارات من أدب العرب قسم النثر: مجموعة تمثل الأدب العربي الإسلامي في جميع مظاهره ومناحيه الأدبية والتاريخية والتهذيبية من العصر الإسلامي الأول إلى القرن الرابع عشر للعلامة الأستاذ أبي الحسن علي الحسني الندوي |
| 250 | _aط3 | ||
| 264 | 3 | 1 | _aجدة:دار الشروق للنشر والتوزيع،1986 |
| 300 | _a168ص | ||
| 336 |
_atext _btxt _2rdacontent |
||
| 337 |
_aunmediated _bn _2rdamedia |
||
| 338 |
_avolume _bnc _2rdacarrier |
||
| 650 | 4 |
_a النثر العربي - مجموعات - الأدب العربي - تاريخ ونقد _913179 |
|
| 999 |
_aA3211 _c6779 _d6779 |
||